Welcome to the Holygrace Academy Library

Please use search bar below to get started

HOW (Record no. 6331)

MARC details
000 -LEADER
fixed length control field 00269nam a22001217a 4500
020 ## - INTERNATIONAL STANDARD BOOK NUMBER
ISBN 0-528-87135-8
082 ## - DEWEY DECIMAL CLASSIFICATION NUMBER
Classification number 001
Item number SMI/H
100 ## - MAIN ENTRY--AUTHOR NAME
Personal name SMITH, KATHIE BILLINGSLEA
245 ## - TITLE STATEMENT
Title HOW
260 ## - PUBLICATION, DISTRIBUTION, ETC. (IMPRINT)
Place of publication NEW YORK
Name of publisher RAND MCNALLY & COMPANY
650 ## - SUBJECT ADDED ENTRY--TOPICAL TERM
Topical Term GK
Geographic subdivision NEW YORK
942 ## - ADDED ENTRY ELEMENTS (KOHA)
Koha item type Books
Holdings
Withdrawn status Lost status Collection code Home library Current library Shelving location Date acquired Source of acquisition Full call number Accession Number Koha item type
    G.K Main Library Main Library SHELF-17E-SCIENCE RELATED BOOKS 12/05/2006 PURCHASE 001 SMI/H 0097 Books